00249nam a22000977a 4500082001300000100002200013245004000035260003000075300002800105650001800133 a891.4391 aAshfaq Ahmad Virk aKhaka Mastic Dr. Ashfaq Ahmad Virk aLahorebKitab Sarayc2009 a216 Pagesb22x14 cmbHB aMazahia Khaky